Biblioteca

The Gilgamesh Epic and Old Testament parallels (Registro nro. 33030)

Detalles MARC
000 -LÍDER
Campo fijo de descripción fija 00812nam a22002777a 4500
001 - NÚMERO DE CONTROL
Campo de control 1911
003 - IDENTIFICADOR DEL NÚMERO DE CONTROL
Campo de control CO-MdFUSB
005 - FECHA Y HORA DE LA ULTIMA TRANSACCIÓN
control field 20180622072724.0
008 - ELEMENTOS DE LONGITUD FIJA -- INFORMACIÓN GENERAL
Campo fijo de descripción fija -- Información general 170526t19461949xxu||||| |||| 00| 0 eng d
040 ## - FUENTE DE CATALOGACIÓN
Agencia de catalogación original CO-MdFUSB
Idioma de catalogación spa
Agencia que realiza la transcripción CO-MdFUSB
Agencia que realiza la modificación CO-MdFUSBC
Convenciones de la descripción rda
041 0# - CÓDIGO DE IDIOMA
Código de idioma para texto/pista de sonido o título separado eng
082 04 - NÚMERO DE CLASIFICACIÓN DECIMAL DEWEY
Número de clasificación G 220.93 H4653g
100 1# - ASIENTO PRINCIPAL--NOMBRE PERSONAL
Nombre personal Heidel, Alexander (1907-1955)
Término relacionador autor
245 #4 - TÍTULO
Título del Material The Gilgamesh Epic and Old Testament parallels
Mención de responsabilidad, etc. / Alexander Heidel
250 ## - MENCIÓN DE EDICIÓN
Mención de edición 2
264 #4 - PRODUCCIÓN, PUBLICACIÓN, DISTRIBUCIÓN, MANUFACTURA, Y COPYRIGHT
Lugar de producción, publicación, distribución, manufactura Chicago, USA :
Nombre del productor, publicador, distribuidor University of Chicago,
Fecha de producción, publicación, distribución, manufactura, o copyright ©1946-1949
300 ## - DESCRIPCIÓN FÍSICA
Extensión 269 Pag
336 ## - TIPO DE CONTENIDO
Fuente rdacontent
Término de tipo de contenido
Código de tipo de contenido
337 ## - TIPO DE MEDIO
Fuente rdamedia
Nombre del tipo de medio
Código del tipo de medio
338 ## - TIPO DE SOPORTE
Fuente rdacarrier
Nombre del tipo de soporte
Código Tipo de soporte
650 #7 - ASIENTO SECUNDARIO DE MATERIA - TERMINO TEMÁTICO
Término temático o nombre geográfico como elemento de entrada Ritos y ceremonias fúnebres
9 (RLIN) 402
653 ## - TÉRMINO DE INDIZACIÓN - NO CONTROLADO
Término no controlado Gilgamesh
653 ## - TÉRMINO DE INDIZACIÓN - NO CONTROLADO
Término no controlado Interpretación de la Biblia A.T.
653 ## - TÉRMINO DE INDIZACIÓN - NO CONTROLADO
Término no controlado Diluvio universal
942 ## - TIPO DE MATERIAL (KOHA)
Tipo de Item KOHA Libros General
Existencias
Estado de Material Estado de Perdido Estado de Dañado No para Préstamo Colección Tomo Biblioteca de Origen Biblioteca Permanente Fecha de Adquisición Total de Préstamos Signatura Topográfica Código de Barras Última vez visto Ejemplar/Existencia Fecha de Remplazo Tipo de Material
        Colección General   Biblioteca FUSBC Biblioteca FUSBC 05/11/2004   G 220.93 H4653g 1391 12/12/2019 1 26/01/2016 Libros General

Biblioteca FUSBC | Teléfono: (57+4) 349 88 10 Ext. 141| WhatsApp (+57) 3005338115 
E-mail: biblioteca@unisbc.edu.co | Calle 76 87-14 Robledo Palenque, Medellín, Colombia

Con tecnología Koha